<?xml version="1.0" encoding="UTF-8"?>
<record
    xmlns:xsi="http://www.w3.org/2001/XMLSchema-instance"
    xsi:schemaLocation="http://www.loc.gov/MARC21/slim http://www.loc.gov/standards/marcxml/schema/MARC21slim.xsd"
    xmlns="http://www.loc.gov/MARC21/slim">

  <leader>00274nam a2200121Ia 4500</leader>
  <controlfield tag="008">191201s2004    xx            000 0 und d</controlfield>
  <datafield tag="100" ind1=" " ind2=" ">
    <subfield code="a">HARRIS, Thomas A</subfield>
  </datafield>
  <datafield tag="245" ind1=" " ind2="0">
    <subfield code="a">I'm Ok, You're Ok</subfield>
  </datafield>
  <datafield tag="250" ind1=" " ind2=" ">
    <subfield code="a">1st</subfield>
  </datafield>
  <datafield tag="260" ind1=" " ind2=" ">
    <subfield code="c">2004</subfield>
    <subfield code="b">IBD</subfield>
    <subfield code="a">NEW DELHI</subfield>
  </datafield>
  <datafield tag="300" ind1=" " ind2=" ">
    <subfield code="a">286</subfield>
  </datafield>
  <datafield tag="942" ind1=" " ind2=" ">
    <subfield code="2">ddc</subfield>
    <subfield code="c">BK</subfield>
  </datafield>
  <datafield tag="999" ind1=" " ind2=" ">
    <subfield code="c">7829</subfield>
    <subfield code="d">7829</subfield>
  </datafield>
  <datafield tag="952" ind1=" " ind2=" ">
    <subfield code="0">0</subfield>
    <subfield code="1">0</subfield>
    <subfield code="2">ddc</subfield>
    <subfield code="4">0</subfield>
    <subfield code="7">0</subfield>
    <subfield code="8">BCA</subfield>
    <subfield code="a">PIET</subfield>
    <subfield code="b">PIET</subfield>
    <subfield code="d">2012-09-29</subfield>
    <subfield code="e">IBH, New Delhi</subfield>
    <subfield code="g">483.45</subfield>
    <subfield code="k">12628</subfield>
    <subfield code="l">3</subfield>
    <subfield code="o">158.5 THI</subfield>
    <subfield code="p">BC347</subfield>
    <subfield code="r">2023-05-04 00:00:00</subfield>
    <subfield code="s">2023-04-17</subfield>
    <subfield code="v">348.08</subfield>
    <subfield code="w">2012-09-29</subfield>
    <subfield code="y">BK</subfield>
    <subfield code="z">Stories and Novels</subfield>
  </datafield>
  <datafield tag="952" ind1=" " ind2=" ">
    <subfield code="0">0</subfield>
    <subfield code="1">0</subfield>
    <subfield code="2">ddc</subfield>
    <subfield code="4">0</subfield>
    <subfield code="7">0</subfield>
    <subfield code="8">BCA</subfield>
    <subfield code="a">PIET</subfield>
    <subfield code="b">PIET</subfield>
    <subfield code="d">2012-09-29</subfield>
    <subfield code="e">IBH, New Delhi</subfield>
    <subfield code="g">483.45</subfield>
    <subfield code="k">12628</subfield>
    <subfield code="l">2</subfield>
    <subfield code="o">158.5 THI</subfield>
    <subfield code="p">BC348</subfield>
    <subfield code="r">2025-04-07 00:00:00</subfield>
    <subfield code="s">2025-03-25</subfield>
    <subfield code="v">348.08</subfield>
    <subfield code="w">2012-09-29</subfield>
    <subfield code="y">BK</subfield>
    <subfield code="z">Stories and Novels</subfield>
  </datafield>
  <datafield tag="952" ind1=" " ind2=" ">
    <subfield code="0">0</subfield>
    <subfield code="1">0</subfield>
    <subfield code="2">ddc</subfield>
    <subfield code="4">0</subfield>
    <subfield code="7">0</subfield>
    <subfield code="8">BCA</subfield>
    <subfield code="a">PIET</subfield>
    <subfield code="b">PIET</subfield>
    <subfield code="d">2012-09-29</subfield>
    <subfield code="e">IBH, New Delhi</subfield>
    <subfield code="g">483.45</subfield>
    <subfield code="k">12628</subfield>
    <subfield code="l">1</subfield>
    <subfield code="o">158.5 THI</subfield>
    <subfield code="p">BC349</subfield>
    <subfield code="r">2023-01-06 00:00:00</subfield>
    <subfield code="s">2022-12-27</subfield>
    <subfield code="v">348.08</subfield>
    <subfield code="w">2012-09-29</subfield>
    <subfield code="y">BK</subfield>
    <subfield code="z">Stories and Novels</subfield>
  </datafield>
  <datafield tag="952" ind1=" " ind2=" ">
    <subfield code="0">0</subfield>
    <subfield code="1">0</subfield>
    <subfield code="2">ddc</subfield>
    <subfield code="4">0</subfield>
    <subfield code="7">0</subfield>
    <subfield code="8">BCA</subfield>
    <subfield code="a">PIET</subfield>
    <subfield code="b">PIET</subfield>
    <subfield code="d">2012-09-29</subfield>
    <subfield code="e">IBH, New Delhi</subfield>
    <subfield code="g">483.45</subfield>
    <subfield code="k">12628</subfield>
    <subfield code="l">0</subfield>
    <subfield code="o">158.5 THI</subfield>
    <subfield code="p">BC350</subfield>
    <subfield code="r">2019-12-04 00:00:00</subfield>
    <subfield code="v">348.08</subfield>
    <subfield code="w">2012-09-29</subfield>
    <subfield code="y">REF</subfield>
    <subfield code="z">Stories and Novels</subfield>
  </datafield>
  <datafield tag="952" ind1=" " ind2=" ">
    <subfield code="0">0</subfield>
    <subfield code="1">0</subfield>
    <subfield code="2">ddc</subfield>
    <subfield code="4">0</subfield>
    <subfield code="7">0</subfield>
    <subfield code="8">BCA</subfield>
    <subfield code="a">PIET</subfield>
    <subfield code="b">PIET</subfield>
    <subfield code="d">2012-09-29</subfield>
    <subfield code="e">IBH, New Delhi</subfield>
    <subfield code="g">483.45</subfield>
    <subfield code="k">12628</subfield>
    <subfield code="l">0</subfield>
    <subfield code="o">158.5 THI</subfield>
    <subfield code="p">BC351</subfield>
    <subfield code="r">2019-12-04 00:00:00</subfield>
    <subfield code="v">348.08</subfield>
    <subfield code="w">2012-09-29</subfield>
    <subfield code="y">REF</subfield>
    <subfield code="z">Stories and Novels</subfield>
  </datafield>
  <datafield tag="952" ind1=" " ind2=" ">
    <subfield code="0">0</subfield>
    <subfield code="1">0</subfield>
    <subfield code="2">ddc</subfield>
    <subfield code="4">0</subfield>
    <subfield code="7">0</subfield>
    <subfield code="8">BCA</subfield>
    <subfield code="a">PIET</subfield>
    <subfield code="b">PIET</subfield>
    <subfield code="d">2012-09-29</subfield>
    <subfield code="e">IBH, New Delhi</subfield>
    <subfield code="g">483.45</subfield>
    <subfield code="k">12628</subfield>
    <subfield code="l">2</subfield>
    <subfield code="o">158.5 THI</subfield>
    <subfield code="p">BC352</subfield>
    <subfield code="r">2023-04-26 00:00:00</subfield>
    <subfield code="s">2023-04-14</subfield>
    <subfield code="v">348.08</subfield>
    <subfield code="w">2012-09-29</subfield>
    <subfield code="y">BK</subfield>
    <subfield code="z">Stories and Novels</subfield>
  </datafield>
</record>
